Quiz sur le football canadien - Statistiques

Statistiques générales
  • Ce quiz a été pris 58 fois
  • Le résultat moyen est 7 sur 13
Statistiques - réponses
Hint Réponse % Correct
Attaquant Champion de France 2021 Jonathan David
92%
Joueur canadien finissant 3ème au Golden Boy 2020 Alphonso Davies
91%
Pays avec lesquels le Canada organise la prochaine Coupe du monde États-Unis
89%
Pays avec lesquels le Canada organise la prochaine Coupe du monde Mexique
89%
Compétition à laquelle le Canada participe pour la première fois en 2023 Copa America
87%
Ancien nom du club de Montréal {Impact} de Montréal
70%
Équipe la plus titré du championnat canadien Toronto FC
64%
Compétition que le Canada gagne en 1985 et en 2000 Gold Cup
45%
Joueur le plus capé de la sélection Atiba Hutchinson
25%
Meilleur buteur de l'histoire de ce club Sebastian Giovinco
21%
Le Canada perd en finale de cette compétition en 2023 Ligue des Nations
15%
Meilleur buteur de la sélection Cyle Larin
9%
Surnom de la sélection canadienne The Canucks | Les Rouges
4%
Aucun quiz correspondant
Distribution des résultats
% des personnes avec chaque résultat
Percentile par nombre de réponses
Votre historique - résultats
Vous n’avez pas pris ce quiz